000 00305nam a2200121Ia 4500
008 190802s9999 xx 000 0 und d
020 _a0-86037-216-2
100 _aM. Umer Chapira
245 0 _aIslam & The Economic Challenge
260 _aUK
_bThe Islamic Foundation
_c2008
300 _a428:p
942 _cBK
999 _c2467
_d2467